Zvyšovanie konkurencieschopnosti malých a stredných podnikov
Podnikateľské prostredie, potreby a služby poskytované malým a stredným podnikom. Analýza malých a stredných podnikov metódou v rámci systému SUDAC - Unifikovaný systém priemyselnej diagnostiky na zvýšenie konkurencieschopnosti. Metóda umožňujúca ponúkať služby vyhotovené v presnom súlade s potrebam...
Uložené v:
| Hlavný autor: | |
|---|---|
| Médium: | Kapitola |
| Jazyk: | Slovak |
| Predmet: | |
| Tagy: |
Žiadne tagy, Buďte prvý, kto otaguje tento záznam!
|
MARC
| LEADER | 00000naa$a2200000$$$4500 | ||
|---|---|---|---|
| 001 | 0064587 | ||
| 005 | 20240502071746.0 | ||
| 041 | 0 | |a slo | |
| 044 | |a SK | ||
| 245 | 1 | 0 | |a Zvyšovanie konkurencieschopnosti malých a stredných podnikov |c Andrej Kovaľov |
| 520 | |a Podnikateľské prostredie, potreby a služby poskytované malým a stredným podnikom. Analýza malých a stredných podnikov metódou v rámci systému SUDAC - Unifikovaný systém priemyselnej diagnostiky na zvýšenie konkurencieschopnosti. Metóda umožňujúca ponúkať služby vyhotovené v presnom súlade s potrebami podniku a stupňom jeho rozvoja. Centrálno-americký program priemyselnej modernizácie MSP. | ||
| 610 | 2 | 0 | |a podnikanie |
| 610 | 2 | 0 | |a prostredie podnikateľské |
| 610 | 2 | 0 | |a podnik malý |
| 610 | 2 | 0 | |a podnik stredný |
| 610 | 2 | 0 | |a konkurencieschopnosť |
| 610 | 2 | 0 | |a služby |
| 610 | 2 | 0 | |a technológie znalostné |
| 610 | 2 | 0 | |a rozvoj podniku |
| 610 | 2 | 0 | |a rozvoj hospodársky |
| 610 | 2 | 0 | |a modernizácia |
| 610 | 2 | 0 | |a integrácia |
| 100 | 1 | |a Kovaľov, Andrej | |